Religión and theology.

Guardado en:
Bibliografiske detaljer
Hovedforfatter: Adler, Mortimer J. (autor)
Format: Bog
Sprog:engelsk
Serier:(The Great Ideas Program ; 4).
Fag:
Tags: Tilføj Tag
Ingen Tags, Vær først til at tagge denne postø!

MARC

LEADER 00000nam^a2200000^u^4500
001 000495275
005 20250521000000.0
008 110404s1000^^^^^^^^^^^^r^^^^^000^0^eng^d
009 20260310125545.528
022 |a 85229137X 
035 |a FCE 000038679 
037 |a Acervo ITESO - Biblioteca 
041 |a eng 
082 0 4 |a 080  |b G6623 v.4 
100 |a Adler, Mortimer J.  |e (autor) 
245 1 0 |a Religión and theology. 
264 |a Chicago :  |b Encyclopedia Británica,  |c 1959. 
300 |a v.4 
336 |a texto  |b txt  |2 rdacontenido 
337 |a sin mediación  |b n  |2 rdamedio 
338 |a volumen  |b nc  |2 rdasoporte 
440 0 |a (The Great Ideas Program ; 4). 
649 |a XX 
650 |a Religión 
650 |a Teología 
910 |a Fondo Centro de Estudios Educativos 
920 |a Impresos - Libros 
930 |a Fondos Especiales 
905 |a 133 
901 |a ALE038728  |b IT2  |c CEE  |u 20250521 
902 |a https://opac.biblio.iteso.mx/vufind/Record/000495275